[Event "EYCC Open-U18 2019"]
[Site "Bratislava"]
[Date "2019.08.04"]
[Round "3.48"]
[White "Heimisson, Hilmir Freyr"]
[Black "Ihnat, Marek"]
[Result "1-0"]
[WhiteElo "2279"]
[BlackElo "1946"]
[Annotator "NA"]
[PlyCount "87"]
[EventDate "2019.08.02"]
[EventType "swiss"]
[EventCountry "SVK"]
[SourceTitle "playchess.com"]
[Source "ChessBase"]
[SourceQuality "1"]
[TimeControl "40/5400+30:1800+30"]

1. d4 {[%emt 0:00:00]} Nf6 {[%emt 0:00:00]} 2. Bg5 {[%emt 0:00:00]} Ne4 {[%emt 0:00:00]} 3. Bf4 {[%emt 0:00:00]} c5 {[%emt 0:00:00]} 4. d5 {[%emt 0:00:00]} Qb6 {[%emt 0:02:16]} 5. Bc1 {[%emt 0:00:00]} e6 {[%emt 0:01:35]} 6. f3 {[%emt 0:01:10]} Nf6 {[%emt 0:00:23]} 7. e4 {[%emt 0:00:20]} exd5 {[%emt 0:05:52]} 8. exd5 {[%emt 0:00:08]} Bd6 {[%emt 0:00:39]} 9. c4 {[%emt 0:00:20]} O-O {[%emt 0:00:22]} 10. Bd3 {[%emt 0:00:12]} Re8+ {[%emt 0:00:37]} 11. Ne2 {[%emt 0:00:09]} Bf8 {[%emt 0:00:47]} 12. O-O {[%emt 0:01:23]} d6 {[%emt 0:01:05]} 13. Nbc3 {[%emt 0:01:22]} Nbd7 {[%emt 0:02:29]} 14. f4 {[%emt 0:00:28]} g6 {[%emt 0:10:48]} 15. h3 {[%emt 0:10:54]} Bg7 {[%emt 0:02:49]} 16. Qc2 {[%emt 0:00:39]} a6 {[%emt 0:03:59]} 17. Bd2 {[%emt 0:06:33]} Qd8 {[%emt 0:06:27]} 18. a4 {[%emt 0:00:32]} Nb6 {[%emt 0:03:04]} 19. Rf3 {[%emt 0:03:37]} Nbd7 {[%emt 0:13:07]} 20. Kh1 {[%emt 0:02:20]} b6 {[%emt 0:03:50]} 21. Raf1 {[%emt 0:02:40]} Bb7 {[%emt 0:02:12]} 22. R3f2 {[%emt 0:00:48]} Nh5 {[%emt 0:04:05]} 23. g4 {[%emt 0:21:02]} Nhf6 {[%emt 0:01:45]} 24. f5 {[%emt 0:03:07]} Ne5 {[%emt 0:23:10]} 25. Bf4 {[%emt 0:24:28]} Nfd7 {[%emt 0:01:10]} 26. fxg6 {[%emt 0:04:41]} fxg6 {[%emt 0:00:29]} 27. Ne4 {[%emt 0:01:05]} Nxd3 {[%emt 0:04:15]} 28. Qxd3 {[%emt 0:00:07]} Ne5 {[%emt 0:00:52]} 29. Bxe5 {[%emt 0:06:52]} Bxe5 {[%emt 0:00:12]} 30. N2g3 {[%emt 0:00:26]} Qh4 {[%emt 0:01:27]} 31. Kg2 {[%emt 0:01:31]} Rf8 {[%emt 0:01:19]} 32. Qb3 {[%emt 0:01:04]} Rxf2+ {[%emt 0:00:47]} 33. Rxf2 {[%emt 0:00:01]} Qd8 {[%emt 0:00:50]} 34. g5 {[%emt 0:02:00]} Bc8 {[%emt 0:00:48]} 35. Qf3 {[%emt 0:00:55]} Qe7 {[%emt 0:00:22]} 36. h4 {[%emt 0:01:57]} Bd7 {[%emt 0:00:39]} 37. h5 {[%emt 0:00:53]} Bxa4 {[%emt 0:02:48]} 38. Nf6+ {[%emt 0:00:30]} Bxf6 {[%emt 0:00:54]} 39. gxf6 {[%emt 0:00:11]} Qf7 {[%emt 0:00:16]} 40. Ne4 {[%emt 0:00:00]} gxh5 {[%emt 0:00:00]} 41. Ng5 {[%emt 0:09:49]} Qg6 {[%emt 0:03:00]} 42. f7+ {[%emt 0:00:38]} Kf8 {[%emt 0:00:14]} 43. Qg3 {[%emt 0:00:19]} Bd7 {[%emt 0:01:40]} 44. Nxh7+ {[%emt 0:00:44]} 1-0

[Event "EYCC Open-U18 2019"]
[Site "Bratislava"]
[Date "2019.08.05"]
[Round "4.1"]
[White "Zarubitski, Viachaslau"]
[Black "Hakobyan, Aram"]
[Result "0-1"]
[WhiteElo "2424"]
[BlackElo "2568"]
[Annotator "RC"]
[PlyCount "100"]
[EventDate "2019.08.02"]
[EventType "swiss"]
[EventCountry "SVK"]
[TimeControl "40/5400+30:1800+30"]

1. e4 {[%emt 0:00:00]} c5 {[%emt 0:00:00]} 2. Nf3 {[%emt 0:00:00]} Nc6 {[%emt 0:00:00]} 3. Bb5 {[%emt 0:00:06]} g6 {[%emt 0:00:00]} 4. Bxc6 {[%emt 0:00:33]} bxc6 {[%emt 0:00:00]} 5. O-O {[%emt 0:00:13]} Bg7 {[%emt 0:00:00]} 6. Re1 {[%emt 0:00:09]} Nh6 {[%emt 0:00:06]} 7. c3 {[%emt 0:00:13]} O-O {[%emt 0:00:46]} 8. h3 {[%emt 0:00:13]} f5 {[%emt 0:00:10]} 9. e5 {[%emt 0:00:08]} Nf7 {[%emt 0:00:08]} 10. d3 {[%emt 0:02:01]} h6 {[%emt 0:00:29]} 11. h4 {[%emt 0:08:25]} e6 {[%emt 0:00:02]} 12. Bf4 {[%emt 0:03:36]} g5 {[%emt 0:02:19]} 13. hxg5 {[%emt 0:00:03]} hxg5 {[%emt 0:00:09]} 14. Nxg5 {[%emt 0:00:00]} Nxg5 {[%emt 0:01:26]} 15. Qh5 {[%emt 0:00:07]} Nf7 {[%emt 0:35:43]} 16. Re3 {[%emt 0:00:24]} d6 {[%emt 0:02:26]} 17. exd6 {[%emt 0:31:46]} e5 {[%emt 0:26:28]} 18. Rh3 {[%emt 0:08:12]} Re8 {[%emt 0:00:27]} 19. Qh7+ {[%emt 0:06:11]} Kf8 {[%emt 0:00:06]} 20. Rg3 {[%emt 0:02:56]} Qf6 {[%emt 0:00:02]} 21. Rg6 {[%emt 0:09:48]} exf4 {[%emt 0:00:08]} 22. Nd2 {[%emt 0:01:08]} Qxg6 {[%emt 0:01:41]} 23. Qxg6 {[%emt 0:00:24]} Re6 {[%emt 0:00:04]} 24. Qh5 {[%emt 0:00:34]} Rxd6 {[%emt 0:00:03]} 25. Nc4 {[%emt 0:02:51]} Rxd3 {[%emt 0:08:13]} 26. Qe2 {[%emt 0:06:01]} Rd5 {[%emt 0:02:01]} 27. Re1 {[%emt 0:02:43]} Bd7 {[%emt 0:02:15]} 28. Qe7+ {[%emt 0:00:50]} Kg8 {[%emt 0:00:31]} 29. Qh4 {[%emt 0:00:01]} Bh6 {[%emt 0:04:42]} 30. Qf6 {[%emt 0:02:48]} Re8 {[%emt 0:00:59]} 31. Kf1 {[%emt 0:02:30]} Rxe1+ {[%emt 0:02:21]} 32. Kxe1 {[%emt 0:00:01]} Kf8 {[%emt 0:00:26]} 33. Qg6 {[%emt 0:02:26]} Bg7 {[%emt 0:01:00]} 34. Qh5 {[%emt 0:01:30]} Bc8 {[%emt 0:02:26]} 35. Qh4 {[%emt 0:02:35]} Ba6 {[%emt 0:02:43]} 36. Qxf4 {[%emt 0:02:07]} Bh6 {[%emt 0:00:20]} 37. Qb8+ {[%emt 0:00:38]} Rd8 {[%emt 0:00:10]} 38. Qb3 {[%emt 0:02:03]} Re8+ {[%emt 0:04:44]} 39. Kd1 {[%emt 0:00:35]} Rd8+ {[%emt 0:02:11]} 40. Kc2 {[%emt 0:00:00]} Bf4 {[%emt 0:00:00]} 41. Ne3 {[%emt 0:11:40]} Bd3+ {[%emt 0:06:02]} 42. Kc1 {[%emt 0:00:03]} Be4 {[%emt 0:00:34]} 43. g3 {[%emt 0:04:20]} Bxe3+ {[%emt 0:02:05]} 44. fxe3 {[%emt 0:00:04]} Ne5 {[%emt 0:00:23]} 45. Qa3 {[%emt 0:04:40]} Nd3+ {[%emt 0:01:59]} 46. Kc2 {[%emt 0:00:05]} Rd7 {[%emt 0:02:04]} 47. Kb3 {[%emt 0:09:40]} Rb7+ {[%emt 0:01:49]} 48. Kc4 {[%emt 0:00:01]} Nxb2+ {[%emt 0:00:47]} 49. Kxc5 {[%emt 0:00:04]} Rb5+ {[%emt 0:00:15]} 50. Kd4+ {[%emt 0:00:07]} c5+ {[%emt 0:00:08]} 0-1

[Event "EYCC Open-U18 2019"]
[Site "Bratislava"]
[Date "2019.08.05"]
[Round "4.2"]
[White "Kaasen, Tor Fredrik"]
[Black "Murzin, Volodar"]
[Result "1-0"]
[WhiteElo "2376"]
[BlackElo "2429"]
[Annotator "TA"]
[PlyCount "99"]
[EventDate "2019.08.02"]
[EventType "swiss"]
[EventCountry "SVK"]
[SourceTitle "playchess.com"]
[Source "ChessBase"]
[SourceQuality "1"]

{[%evp 12,99,56,37,35,26,32,30,29,18,56,25,31,13,29,22,21,22,25,25,66,56,56,65,61,57,71,65,73,69,92,92,94,77,87,65,70,59,63,56,74,70,62,64,78,76,68,70,58,67,61,56,45,72,43,43,68,55,135,131,126,145,98,78,189,191,331,322,282,233,278,310,345,342,378,362,372,361,328,343,386,355,638,615,1297,1121,29979,29976,29944,5413]} 1. d4 d5 2. c4 c6 3. Nf3 Nf6 4. Nc3 a6 5. c5 Bf5 6. Qb3 Qc8 7. Bf4 Nbd7 {D15: Slav Defence: 4 Nc3 a6 and gambit lines after 4 Nc3 dxc4} 8. h3 (8. Nh4 Bg6 9. g3 e6 10. Bg2 Be7 11. Nxg6 hxg6 12. e4 dxe4 13. Nxe4 Nxe4 14. Bxe4 Nf6 15. Bf3 {½-½ (48) Ni,H (2683)-Megaranto,S (2512) Makati 2018}) 8... e6 9. e3 Be7 {White has an edge.} 10. Be2 Bd8 11. O-O Bc7 12. Qd1 $146 ({Predecessor:} 12. Rfe1 h6 13. Bf1 O-O 14. Rac1 Re8 15. Ne5 Nxe5 16. Bxe5 Bxe5 17. dxe5 {0-1 (42) Boehm,J (2158)-Pezerovic,E (2439) Munich 2013}) 12... Ne4 13. Rc1 Qb8 14. Bxc7 Qxc7 15. Bd3 Nxc3 16. bxc3 Bxd3 17. Qxd3 O-O 18. c4 Rfe8 19. cxd5 cxd5 20. Rc2 Qc6 21. Rb1 f6 22. Rcb2 Reb8 23. Qa3 b6 24. cxb6 Rxb6 25. Rxb6 Nxb6 26. Qc5 Qxc5 27. dxc5 $14 {[%mdl 4096] Endgame KRN-KRN} Na4 28. c6 {[#] aiming for c7.} Rc8 29. Nd4 $1 {[%cal Rd4e6]} e5 30. Nf5 Kf8 $1 31. Rb7 Rxc6 {next ...g6 is good for Black.} 32. Rxg7 Rc1+ 33. Kh2 Rc2 34. f3 $1 Rxa2 (34... h5 $14) 35. Rxh7 $16 Nc3 36. h4 d4 37. exd4 exd4 (37... Nd5 $16) 38. Nxd4 $18 Nd5 {[#]} (38... Kg8 {might work better.} 39. Ra7 Nd5) 39. Ne6+ $1 Kg8 40. Rg7+ Kh8 41. Rd7 Ne3 42. Nf4 Ra4 43. Ng6+ Kg8 44. h5 {Intending h6 and mate.} Ra2 45. Nh4 {Threatens to win with h6.} Ra5 46. g4 Ra2+ $2 (46... Rd5 47. Ra7 a5) 47. Kg3 {White wants to mate with h6.} Nf1+ 48. Kf4 {Threatening mate with h6.} Ra4+ 49. Kf5 Ne3+ 50. Kxf6 {Accuracy: White = 72%, Black = 38%.} (50. Kg6 $142 Kf8 51. Kxf6 Ke8 52. Re7+ {[%mdl 64] Double Attack} Kd8 53. Rxe3 Rd4 54. h6 Rd6+ 55. Re6) 1-0

[Event "EYCC Open-U18 2019"]
[Site "Bratislava"]
[Date "2019.08.05"]
[Round "4.3"]
[White "Baenziger, Fabian"]
[Black "Engel, Luis"]
[Result "1/2-1/2"]
[WhiteElo "2352"]
[BlackElo "2509"]
[Annotator "TA"]
[PlyCount "96"]
[EventDate "2019.08.02"]
[EventType "swiss"]
[EventCountry "SVK"]
[SourceTitle "playchess.com"]
[Source "ChessBase"]
[SourceQuality "1"]

{[%evp 25,96,6,12,13,19,14,20,38,32,22,49,43,93,61,79,68,65,82,85,78,80,70,87,62,77,36,44,24,24,2,6,6,60,59,66,72,187,175,175,94,224,224,206,175,162,172,260,56,58,58,63,27,27,27,27,0,1,1,8,8,8,8,8,8,8,8,8,0,0,0,0,0,0]} 1. d4 Nf6 2. c4 e6 3. Nf3 d5 4. Nc3 Bb4 5. Bg5 dxc4 6. e4 c5 7. Bxc4 cxd4 8. Nxd4 Bxc3+ 9. bxc3 Qa5 10. Bb5+ Nbd7 11. Bxf6 Qxc3+ 12. Kf1 gxf6 13. h4 a6 14. Rh3 {D39: Queen's Gambit Declined: Ragozin Defence with 5 Bg5 dxc4} Qb4 15. Be2 Ne5 16. Rb1 Qd6 17. Rc3 Bd7 (17... O-O 18. Qd2 Ng6 19. h5 Nf4 20. Qe3 e5 21. Nc2 {½-½ (33) Grischuk,A (2766)-Karjakin,S (2773) Saint Louis 2018}) 18. Rxb7 Rd8 19. Rb2 O-O 20. Rd2 $1 {Hoping for Nc6.} Bb5 21. Bxb5 axb5 {[#]} 22. Nf3 $146 Qe7 23. Nxe5 fxe5 24. Rxd8 Rxd8 $16 {[%mdl 4096] Endgame KQR-KQR} 25. Qg4+ Kh8 26. Rg3 {[%csl Gg3][%cal Rg4g7]} Qf6 27. h5 b4 28. Kg1 $40 {[%mdl 128] White attacks.} Qh6 (28... h6 $11) 29. Qh4 f6 30. Qg4 Rf8 (30... Qc1+ $16 31. Kh2 Qh6) 31. Qxe6 $18 Qxh5 {[#]} 32. Qe7 $1 {[%mdl 512]} Qd1+ (32... Qh6 $16) 33. Kh2 {[%cal Re7f8]} Qh5+ 34. Rh3 {[%cal Re7f8]} Qf7 35. Qxb4 Rg8 (35... f5 $142 36. Rh4 fxe4) 36. Qb3 $2 (36. Qd6 $18) 36... Qxb3 $1 $14 37. axb3 {KR-KR} Rb8 $1 38. Rd3 Kg7 39. Kg3 Kg6 40. f4 Rb4 {The position is equal.} 41. Kf3 h5 42. Rc3 Rb5 43. g3 Rb4 44. Rd3 f5 45. exf5+ Kxf5 {( -> ...e4+)} 46. Rd5 Rxb3+ 47. Kf2 Rb2+ 48. Kf3 Rb3+ {Accuracy: White = 57%, Black = 58%.} 1/2-1/2

[Event "EYCC Open-U18 2019"]
[Site "Bratislava"]
[Date "2019.08.05"]
[Round "4.4"]
[White "Bjerre, Jonas Buhl"]
[Black "Pantzar, Milton"]
[Result "0-1"]
[WhiteElo "2503"]
[BlackElo "2357"]
[Annotator "TA"]
[PlyCount "80"]
[EventDate "2019.08.02"]
[EventType "swiss"]
[EventCountry "SVK"]
[SourceTitle "playchess.com"]
[Source "ChessBase"]
[SourceQuality "1"]

{[%evp 23,80,14,29,32,26,25,27,18,18,24,26,14,22,5,25,0,0,0,0,0,26,25,24,-13,7,-1,0,-45,-7,-23,0,-10,25,-7,46,-33,-37,-65,-40,-89,-82,-82,-89,-210,-68,-81,-15,-105,-120,-675,-676,-658,-666,-29993,-29994,-29994,-29995,-29995,-29996]} 1. e4 e5 2. Nf3 Nc6 3. Bb5 a6 4. Ba4 Nf6 5. O-O Be7 6. Re1 b5 7. Bb3 d6 8. c3 O-O 9. h3 Na5 10. Bc2 c5 11. d4 Qc7 12. d5 Bd7 13. b3 {[%cal Bb2b3,Bb3b4][%mdl 32] C97: Closed Ruy Lopez: Chigorin Defence: 11 d4 Qc7, sidelines} (13. Nbd2 g6 14. Nf1 Nh5 15. b3 c4 16. Bh6 Rfc8 17. b4 Nb7 18. a4 a5 19. Ng3 Nxg3 20. fxg3 axb4 21. cxb4 bxa4 22. Bxa4 Bxa4 23. Rxa4 {½-½ (46) Hovhannisyan,R (2637)-Akopian,V (2650) St Petersburg 2018}) 13... g6 14. Bh6 Rfb8 15. Nbd2 {[%cal Bb1d2,Bd2f1,Bf1g3][%mdl 32] White has an edge.} c4 16. b4 Nb7 17. Nf1 a5 18. a3 Ra6 19. N3h2 Rba8 {[#]} 20. Qf3 $146 ({Predecessor:} 20. Rc1 axb4 21. axb4 {½-½ (46) Borisek,J (2509)-Mikac,M (2376) Gostovanja 2005}) 20... axb4 21. cxb4 Nd8 22. Ng3 Ne8 23. Ng4 f6 24. Bc1 Nf7 25. Bb2 Qd8 26. Qc3 Ng7 27. Ne3 Qc7 28. Rf1 Qa7 (28... Qb7 $11) 29. Kh1 ({White should try} 29. a4 $14) 29... Bd8 $15 30. Ne2 Bb6 31. Ng4 Bxg4 32. hxg4 Bxf2 {[#]} 33. Qf3 {[#]} (33. a4 $1 $17 {[%mdl 512]}) 33... Bh4 ({Better is} 33... Bd4 $1 $19 {[%cal Rd4b2]} 34. Nc3 Qe7) 34. Nc3 Qd4 (34... Qb7 $17) 35. a4 (35. Ra2 $11) 35... Qd2 $36 {[%mdl 2048] Black is really pushing.} 36. Qd1 $2 {[%mdl 8192]} (36. g3 $17 Bxg3 37. Qxg3 Qxc2 {[%mdl 64] Double Attack} 38. Rf2) 36... Qh6 $19 {[%cal Rh4f2]} 37. Kg1 {intending Bc1.} Bg3 {[%csl Gg3][%cal Rh6h2]} 38. Rf3 Qh2+ {Black mates.} 39. Kf1 Qh1+ 40. Ke2 Qxg2+ {Accuracy: White = 15%, Black = 48%.} 0-1

[Event "EYCC Open-U18 2019"]
[Site "Bratislava"]
[Date "2019.08.05"]
[Round "4.5"]
[White "Vrolijk, Liam"]
[Black "Chylewski, Patryk"]
[Result "1-0"]
[WhiteElo "2478"]
[BlackElo "2376"]
[Annotator "TA"]
[PlyCount "91"]
[EventDate "2019.08.02"]
[EventType "swiss"]
[EventCountry "SVK"]
[SourceTitle "playchess.com"]
[Source "ChessBase"]
[SourceQuality "1"]

{[%evp 9,91,11,18,14,27,23,29,26,35,30,26,33,45,38,30,28,37,19,16,0,0,0,2,-62,0,0,0,0,0,-4,44,44,45,44,48,46,67,38,49,52,54,32,52,47,58,64,77,58,70,43,45,55,105,97,147,147,146,149,263,247,219,210,276,266,302,311,445,441,502,452,856,862,912,912,6149,6068,5585,5235,5158,1852,1608,1504,2126,2109]} 1. d4 Nf6 2. c4 e6 3. Nf3 d5 4. Nc3 Bb4 5. cxd5 exd5 6. Bf4 {D38: Queen's Gambit Declined: Ragozin Defence (4 Nf3 Bb4)} (6. Bg5 h6 7. Bh4 O-O 8. e3 Bf5 9. Be2 Nbd7 10. Qb3 Ba5 11. O-O c6 12. Ne5 Qb6 13. Nxd7 Nxd7 14. Rfc1 Qxb3 15. axb3 {½-½ (26) Giri,A (2797)-Navara,D (2739) Shamkir 2019}) 6... c6 7. e3 O-O 8. Bd3 {White has an edge.} Nbd7 {[%cal Bb8d7,Bd7f8,Bf8e6,Be6g7][%mdl 32]} 9. Qc2 Re8 10. O-O Nf8 11. h3 Ne6 12. Bh2 g6 13. Ne5 $146 (13. a3 $5 {[%cal Ra3b4]} Bd6 14. Bxd6 Qxd6 15. Rac1 $14) ({Predecessor:} 13. a3 Bf8 14. b4 a5 {0-1 (60) Colon Garcia,E (2285)-Vuilleumier,A (2333) Lisbon 2014}) 13... Ng7 14. Qb3 Bd6 15. Kh1 Qe7 16. g4 (16. Rae1 $11) 16... Nd7 (16... h5 $1 $15 17. f3 Nd7 18. Nxg6 fxg6 19. Nxd5 cxd5 20. Qxd5+ Kh7 21. Qxd6 Qxd6 22. Bxd6 Rxe3) 17. f4 $11 f6 18. Nxd7 Bxd7 19. e4 $1 {[%cal Re4e5] aiming for e5.} f5 20. gxf5 gxf5 21. e5 Bb4 22. Ne2 {[%cal Bc3e2,Be2g3,Bg3f1][%mdl 32]} Be6 23. Rg1 Kh8 24. Rg5 Ba5 25. Ng3 {[%cal Rd3f5]} Rf8 26. Qc2 Qd7 27. Rg1 Rf7 28. Nf1 $36 {[%mdl 2048] White is more active.} Raf8 29. Nd2 Bd8 30. R5g2 Be7 31. Nf3 b6 32. Ng5 Bxg5 33. Rxg5 c5 {[#]} (33... Ne8 $16 34. Rc1 c5 35. dxc5 bxc5) 34. Bg3 $1 $18 ({Less strong is} 34. dxc5 d4 $11) 34... Rg8 35. Bh4 ({But not} 35. dxc5 $6 bxc5 36. Qxc5 d4) 35... Rff8 36. dxc5 d4 37. Kh2 bxc5 (37... Qc6 $142 38. cxb6 Qxc2+ 39. Bxc2 axb6) 38. Qxc5 {Hoping for Rxg7!White is clearly winning.} Rc8 39. Qd6 Qxd6 (39... Rc6 $142) 40. exd6 Rb8 41. b3 Rb6 {[#]} 42. Rxg7 $1 {[%mdl 512]} Rxg7 43. Bf6 $1 {[%csl LRd4,LRg7][%mdl 64] Double Attack, Pin} Rbb7 44. Bxd4 (44. Bc4 $142 Bc8 {[#]} 45. Ba6 $1 {[%mdl 512]}) 44... Kg8 45. Bxg7 Rxg7 46. Bc4 {Accuracy: White = 69%, Black = 43%.} 1-0

[Event "EYCC Open-U18 2019"]
[Site "Bratislava"]
[Date "2019.08.05"]
[Round "4.6"]
[White "Gaifullin, Artur"]
[Black "Salemgareev, Tagir"]
[Result "0-1"]
[WhiteElo "2453"]
[BlackElo "2412"]
[Annotator "TA"]
[PlyCount "72"]
[EventDate "2019.08.02"]
[EventType "swiss"]
[EventCountry "SVK"]
[SourceTitle "playchess.com"]
[Source "ChessBase"]
[SourceQuality "1"]

{[%evp 14,174,17,6,57,59,77,37,78,79,135,118,115,91,113,112,104,65,74,26,10,-52,0,0,0,0,0,0,0,0,0,0,17,19,17,13,22,9,27,33,35,-17,-18,-54,-54,-52,-61,-58,-56,-54,-71,-75,-77,-72,-69,-74,-72,-73,-66,-96,-96,-113,-113,-114,-131,-122,-27,-113,-113,-131,-113,-113,-120,-120,-124,-128,-134,-145,-45,-104,-116,-112,-114,-119,-107,-115,-30,-120,-127,-119,-122,-115,-95,-105,-10,-27,0,0,0,-50,-19,-8,-8,-8,-8,-77,-8,-8,-8,-16,-16,-16,-16,-16,-8,-14,-14,-29,-15,-165,-165,-165,-165,-165,-165,-165,-165,-165,-165,-202,-165,-165,-165,-165,-165,-165,-165,-165,0,-165,-165,-165,-165,-165,-165,-165,-165,-165,-165,-165,-165,-165,-165,-29961,-29961,-29959,-6091,-29984,-29985,-29985,-29986,-29989,-29990]} 1. d4 Nf6 2. Nf3 e6 3. g3 b5 4. Bg2 Bb7 5. O-O c5 6. Na3 Qb6 7. c4 b4 8. Nc2 d6 {A46: 1 d4 Nf6 2 Nf3 e6: Torre, London and Colle Systems} (8... cxd4 $11 9. Nfxd4 (9. Ncxd4 Na6 $11) 9... Bxg2 10. Kxg2 Nc6) 9. a3 $14 a5 10. axb4 (10. d5 $5) 10... cxb4 $146 {White is slightly better.} ({Predecessor:} 10... axb4 11. Rxa8 Bxa8 12. d5 exd5 13. Nh4 g6 14. Ne3 Bg7 15. cxd5 O-O 16. Nc4 {1-0 (41) Lahaye,R (2363)-Nikolic,P (2622) Netherlands 2017}) 11. d5 exd5 (11... e5 $142) 12. cxd5 $16 Be7 13. Nh4 O-O 14. Nf5 Re8 15. Be3 Qd8 16. Bd4 Bf8 $1 17. e4 ({White should play} 17. Qc1 $11) 17... Nbd7 (17... g6 $15 18. Bxf6 Qxf6 {[%mdl 64] Double Attack}) 18. Qd2 $11 Nxe4 19. Qf4 $1 Qg5 20. Qxg5 Nxg5 21. Rfe1 $1 Rxe1+ 22. Rxe1 h6 23. Ne7+ Kh8 24. Nc6 Nc5 25. Ne3 Nb3 {Strongly threatening ...Bxc6.} (25... Bxc6 $5 26. dxc6 Nge6 $14) 26. Bb6 Bc8 27. g4 (27. Nc4 $14 Nh3+ 28. Kh1) 27... a4 28. h4 Nh7 $1 29. Nxb4 Rb8 30. Nc4 Nd2 $1 {[%cal Rd2c4]} 31. Nxd2 Rxb6 32. Nc6 Rxb2 33. Nc4 Rc2 34. Ne3 Rc3 35. Ra1 a3 36. Nd4 {[#]} Bd7 {Played: Bc8xg4} 0-1

[Event "EYCC Open-U18 2019"]
[Site "Bratislava"]
[Date "2019.08.05"]
[Round "4.7"]
[White "Levitskiy, Andrey"]
[Black "Gorshtein, Ido"]
[Result "1/2-1/2"]
[WhiteElo "2280"]
[BlackElo "2367"]
[Annotator "TA"]
[PlyCount "74"]
[EventDate "2019.08.02"]
[EventType "swiss"]
[EventCountry "SVK"]
[SourceTitle "playchess.com"]
[Source "ChessBase"]
[SourceQuality "1"]

{[%evp 14,74,27,31,25,10,47,46,75,76,83,22,31,31,27,21,22,0,0,0,0,0,0,-43,-29,-91,-98,-98,-85,-100,-110,-96,-96,-162,-152,-169,-61,-85,-72,-174,-120,-159,-156,-177,-91,-88,-15,-116,-68,-67,0,0,-2,-48,-47,-78,-46,-47,0,-8,0,0,0]} 1. e4 c6 2. d4 d5 3. Nc3 dxe4 4. Nxe4 Nf6 5. Nxf6+ exf6 6. c3 Bd6 7. Bd3 O-O 8. Qc2 Re8+ {B15: Caro-Kann: 3 Nc3: 3...g6 and 3...dxe4 4 Nxe4 Nf6 5 Nxf6+ exf6} 9. Ne2 (9. Be3 h6 10. Ne2 Na6 11. O-O Nc7 12. c4 Bg4 13. h3 Bxe2 14. Bxe2 Ne6 15. Rad1 Qc7 16. Bg4 Rad8 17. Rfe1 Bf4 18. Bxf4 Nxf4 19. Rxe8+ Rxe8 {½-½ (58) Svidler,P (2756)-Carlsen,M (2839) Porto Carras 2018}) 9... h5 (9... f5 $5) 10. O-O g6 {White is slightly better.} 11. Bxg6 f5 12. Bxf5 (12. Bxh5 $16 {Black must now prevent Bf3.} Qh4 13. Ng3 Bxg3 14. Bxf7+ $1 {[%mdl 512]} Kxf7 15. fxg3) 12... Bxf5 $11 13. Qxf5 {And now Nf4 would win.} Rxe2 14. Be3 $146 ({Predecessor:} 14. Qxh5 Re4 15. Bg5 Be7 16. f4 Bxg5 17. fxg5 {0-1 (65) Bjerre,J (2338)-Rasmussen,A (2547) Ballerup 2017}) 14... Qh4 $1 {[%csl Gd6][%cal Rh4h2]} 15. Qc8+ {[#]} Kg7 $1 {[%csl Gd6][%cal Rh4h2]} 16. h3 Qe7 $1 {[%cal Re7d7] With the idea ...Qd7.} ({Reject} 16... Rxb2 $6 17. Bc1 $16) 17. Qf5 Qe6 18. Qxh5 Rxb2 19. Rab1 (19. Rfe1 $11 {keeps the balance.} Qg6 20. Qxg6+ Kxg6 21. Bc1) 19... Rxb1 $17 20. Rxb1 {[#]} b6 $1 21. Re1 Qg6 22. Qf3 Nd7 23. Bf4 (23. g3 $17 {keeps fighting.}) 23... Bxf4 24. Qxf4 {[#] Threatening Re3.} Rg8 (24... Nf6 $1 $19 25. c4 Re8) 25. Re3 Kf8 {[%csl Gg8][%cal Rg6g2]} 26. Qf3 (26. g3 $17) 26... Rg7 (26... Qb1+ $19 27. Kh2 Rg6) 27. g3 Qd6 28. Qe4 {[%csl Ge3][%cal Re4e8]} Kg8 (28... Nf6 $19 29. Qf5 Rg6) 29. Qf5 Nf8 ({Better is} 29... Nf6 $17) 30. h4 (30. Re8 $11 {was the only way to keep the balance.}) 30... Qd5 31. Qc8 Rg6 ({Black should play} 31... f6 $15) 32. Re8 $11 Qd6 33. Rd8 Qa3 34. Kg2 Re6 35. c4 {Strongly threatening c5!} Rf6 {...Qf3+ is the strong threat.} 36. Qg4+ Rg6 37. Qc8 {aiming for c5!} Rf6 {Accuracy: White = 29%, Black = 36%.} 1/2-1/2

[Event "EYCC Open-U18 2019"]
[Site "Bratislava"]
[Date "2019.08.05"]
[Round "4.8"]
[White "Van Foreest, Lucas"]
[Black "Kotau, Arseni"]
[Result "1-0"]
[WhiteElo "2521"]
[BlackElo "2227"]
[Annotator "RC"]
[PlyCount "79"]
[EventDate "2019.08.02"]
[EventType "swiss"]
[EventCountry "SVK"]
[TimeControl "40/5400+30:1800+30"]

1. d4 {[%emt 0:00:00]} Nf6 {[%emt 0:00:00]} 2. c4 {[%emt 0:00:00]} g6 {[%emt 0:00:00]} 3. Nc3 {[%emt 0:00:00]} Bg7 {[%emt 0:00:00]} 4. e4 {[%emt 0:00:00]} d6 {[%emt 0:00:00]} 5. h3 {[%emt 0:00:00]} O-O {[%emt 0:03:25]} 6. Be3 {[%emt 0:00:00]} c5 {[%emt 0:00:06]} 7. d5 {[%emt 0:00:06]} e6 {[%emt 0:00:24]} 8. Nf3 {[%emt 0:00:06]} exd5 {[%emt 0:00:05]} 9. cxd5 {[%emt 0:00:07]} Re8 {[%emt 0:04:32]} 10. Nd2 {[%emt 0:01:18]} a6 {[%emt 0:01:52]} 11. a4 {[%emt 0:00:43]} Nbd7 {[%emt 0:01:47]} 12. Be2 {[%emt 0:03:16]} b6 {[%emt 0:09:20]} 13. O-O {[%emt 0:00:12]} Rb8 {[%emt 0:01:14]} 14. Qc2 {[%emt 0:10:19]} Qc7 {[%emt 0:05:21]} 15. f4 {[%emt 0:14:21]} Bb7 {[%emt 0:09:03]} 16. Rf3 {[%emt 0:08:10]} Ra8 {[%emt 0:07:17]} 17. Qd3 {[%emt 0:10:26]} Qb8 {[%emt 0:08:32]} 18. Bf2 {[%emt 0:08:12]} Re7 {[%emt 0:16:51]} 19. Bf1 {[%emt 0:00:39]} Qe8 {[%emt 0:09:03]} 20. Nc4 {[%emt 0:02:59]} Qb8 {[%emt 0:00:36]} 21. Re1 {[%emt 0:04:33]} Ne8 {[%emt 0:10:43]} 22. Qd2 {[%emt 0:06:58]} f6 {[%emt 0:02:07]} 23. h4 {[%emt 0:02:38]} Bh6 {[%emt 0:00:35]} 24. h5 {[%emt 0:00:28]} Ne5 {[%emt 0:00:44]} 25. Rg3 {[%emt 0:02:19]} Rg7 {[%emt 0:02:06]} 26. Nxb6 {[%emt 0:00:25]} Ra7 {[%emt 0:01:00]} 27. Be3 {[%emt 0:00:44]} Nf7 {[%emt 0:00:57]} 28. hxg6 {[%emt 0:00:15]} hxg6 {[%emt 0:00:15]} 29. b4 {[%emt 0:04:53]} cxb4 {[%emt 0:01:10]} 30. Ne2 {[%emt 0:00:21]} a5 {[%emt 0:01:09]} 31. Nd4 {[%emt 0:00:21]} Kh7 {[%emt 0:02:59]} 32. Ne6 {[%emt 0:00:44]} Rg8 {[%emt 0:00:09]} 33. Nd7 {[%emt 0:01:18]} Qa8 {[%emt 0:00:08]} 34. Qd4 {[%emt 0:02:32]} Bxd5 {[%emt 0:00:08]} 35. Nb6 {[%emt 0:00:16]} Bxe6 {[%emt 0:00:18]} 36. Nxa8 {[%emt 0:00:03]} Rxa8 37. f5 {[%emt 0:00:13]} gxf5 {[%emt 0:00:57]} 38. Rxg8 {[%emt 0:00:07]} Kxg8 {[%emt 0:00:05]} 39. Bxh6 {[%emt 0:00:29]} Nxh6 {[%emt 0:00:05]} 40. exf5 {[%emt 0:00:00]} 1-0